Breviarium romanum ex decreto sacrosancti concilii tridentini restitutum, S. Pii V, pontificis maximi, Jessu editum, ...

Detalles Bibliográficos
Formato: Libro
Publicado: París 1832
Materias:
Colección:Banco de datos
Acervo:Biblioteca del Ex Convento de Nuestra Señora de Guadalupe. Zacatecas
Tema general:Liturgia
Notas:Buena. XVIII,9,10 (5948)
LEADER 00696nam a22001810004500
035 |a 44310 
036 |a 5494 
245 1 0 |a Breviarium romanum ex decreto sacrosancti concilii tridentini restitutum, S. Pii V, pontificis maximi, Jessu editum, ... 
260 |a París  |b Tipografía Everat  |c 1832 
500 |a Buena. XVIII,9,10 (5948) 
650 1 0 |a Liturgia 
949 |a CRZ-CG 
959 |a Ex convento de Nuestra Señora de Guadalupe, Museo Regional de Zacatecas, Zacatecas  |b CCC4 
960 |a Convento de Nuestra Señora de Guadalupe, Zacatecas  |b DD87 
961 |a Franciscana  |b OF 
942 |c CRZ-CG 
943 |g Biblioteca del Ex Convento de Nuestra Señora de Guadalupe. Zacatecas 
999 |c 968437  |d 968437